000
00336nam a2200133Ia 4500
008
240624s9999 xx 000 0 und d
041
_a
eng
082
_a
338.5027658 TRU
100
_a
TRUETT LILA J
245
_a
MANAGERIAL ECONOMICS ANALYSIS PROBLEMS A
260
_c
2004
_a
Singapore
_b
John Wiley
300
_a
xxvi, : 742
365
_c
RS
999
_c
1376
_d
1376